Elementos de derecho penal

Saved in:
Bibliografiske detaljer
Hovedforfatter: Pessina, Enrique (Author)
Format: Bog
Sprog:spansk
Udgivet: Madrid Hijos de Reus 1913
Udgivelse:2a. ed
Fag:
Tags: Tilføj Tag
Ingen Tags, Vær først til at tagge denne postø!

MARC

LEADER 00000nam a2200000 a 4500
001 UCS0162
003 CL-VaPUC
008 970418e19130000SP |||||||||||||||||spa|d
082 0 4 |a 345.46  |b PES  |2 21 
100 0 |a Pessina, Enrique  |e author  |9 383321 
245 1 0 |a Elementos de derecho penal 
250 |a 2a. ed 
300 |a 940 p 
942 |c BK 
945 |d 19970418 00:00:00  |a paguirre 
260 |a Madrid  |b Hijos de Reus  |c 1913 
650 7 |a DERECHO PENAL  |2 CL-VaPUC  |9 11 
650 0 |a Teoría del derecho  |9 255982 
650 0 |a Ley penal  |9 256611 
650 0 |a Delitos  |9 224143 
650 0 |a Penas   |9 255927 
650 0 |a Códigos  |9 352314 
650 7 |a DELITOS CONTRA LAS PERSONAS  |2 CL-VaPUC  |9 256124 
650 7 |a DELITOS CONTRA EL HONOR  |2 CL-VaPUC  |9 383322 
650 0 |a Delitos contra la propiedad   |9 256091 
651 0 |a España  |9 254926 
583 |a last modification  |c 19970418 00:00:00  |k Rodrigo Vera 
999 |c 258405  |d 258403 
952 |0 0  |1 0  |4 0  |6 345_460000000000000_PES_1913  |7 0  |8 X  |9 282473  |a BIBDER  |b BIBDER  |d 2019-11-19  |i 1831135  |o 345.46 PES 1913  |p 1831135  |r 2023-01-25  |w 2019-11-19  |y BK_X  |k DER